000 00812nam a2200241 a 4500
001 BRCA_5075
005 20190320204928.0
008 091110s1954----gw-a######---#000-0#ger-#
041 _ager
044 _agw
050 4 _aPN6195
_b.H86 1954
245 1 0 _aHumor im Geschäft
_banekdoten, schurren, aphorismen und stilblüten aus dem Wirtchaftsleben
_czusammengestellt von Volkmar Muthesius mit zeichungen von Ludwing Koob.
260 _aFrankfurt, Alemania
_bFritz Knapp
_c1954
300 _a111 p.
_bil.
_c18 cm.
500 _aEstado físico: Sobrecubierta deteriorada
500 _aDD32
650 1 4 _aHumorismo
_zAlemania
_912937
650 1 4 _aComercio
_zAlemania
_912938
700 1 _aMuthesius, Volkmar
_ecompilador
_912939
700 1 _aKoob, Ludwing
_eIlustrador
_912940
902 _aGFM
942 _2lcc
_cB
999 _c4769
_d4769